ბათუმის შოთა რუსთაველის სახელმწიფო უნივერსიტეტის ბიბლიოთეკა

Pragmatics. (ბიბ.ჩანაწერი № 45397)

000 -LEADER
fixed length control field 00498nam a2200229Ia 4500
001 - CONTROL NUMBER
control field 12221
003 - CONTROL NUMBER IDENTIFIER
control field GE_BSU
008 - FIXED-LENGTH DATA ELEMENTS--GENERAL INFORMATION
fixed length control field 181216s||||||||xx |||||||||||||| ||und||
020 ## - INTERNATIONAL STANDARD BOOK NUMBER
International Standard Book Number 9780194372077
040 ## - CATALOGING SOURCE
Transcribing agency GE_BSU
080 ## - UNIVERSAL DECIMAL CLASSIFICATION NUMBER
Universal Decimal Classification number 165-74
100 ## - MAIN ENTRY--PERSONAL NAME
Personal name Yule,George.
245 ## - TITLE STATEMENT
Title Pragmatics.
245 ## - TITLE STATEMENT
Statement of responsibility, etc. ediT: H.G.Widdowson.
260 ## - PUBLICATION, DISTRIBUTION, ETC.
Place of publication, distribution, etc. Oxford.
260 ## - PUBLICATION, DISTRIBUTION, ETC.
Name of publisher, distributor, etc. Oxford University Press.
260 ## - PUBLICATION, DISTRIBUTION, ETC.
Date of publication, distribution, etc. 1996
300 ## - PHYSICAL DESCRIPTION
Extent 138p;20cm.
653 ## - INDEX TERM--UNCONTROLLED
Uncontrolled term Pragmatics.
942 ## - ADDED ENTRY ELEMENTS (KOHA)
Koha item type წიგნი
ეგზემპლარები
Withdrawn status Lost status Damaged status Not for loan Date acquired Barcode Date last seen Price effective from Koha item type
        2018-12-17 36000 2018-12-17 2018-12-17 წიგნი
        2018-12-17 36001 2018-12-17 2018-12-17 წიგნი
        2018-12-17 36002 2018-12-17 2018-12-17 წიგნი